Letter from the Secretary of the Treasury, transmitting a report of the Director of the Mint, giving the result of sundry assays of foreign gold and silver coins.

Bibliographic Details
Corporate Authors: United States. Department of the Treasury, ProQuest (Firm)
Format: eBook
Language:English
Published: Washington : [publisher not identified], 1819.
Series:United States congressional serial set.
Subjects:
Online Access:Connect to the full text of this electronic book

MARC

Tag First Indicator Second Indicator Subfields
LEADER 00000cam a22000001a 4500
001 in00002792829
005 20190331182834.0
006 m o d
007 cr bn mmmapmmp
008 100113s1819 dcud o f000 0 eng d
035 |a cis2004342160 
040 |a UMI  |c UMI  |d UtOrBLW 
043 |a n-us--- 
099 |a ProQuest Serial Set Number 32 H.doc.16 
110 1 |a United States.  |b Department of the Treasury. 
245 1 0 |a Letter from the Secretary of the Treasury, transmitting a report of the Director of the Mint, giving the result of sundry assays of foreign gold and silver coins. 
246 1 |a Assays of foreign gold and silver coins at U.S. Mint, 1819 
264 1 |a Washington :  |b [publisher not identified],  |c 1819. 
300 |a 1 online resource. 
336 |a text  |b txt  |2 rdacontent 
337 |a computer  |b c  |2 rdamedia 
338 |a online resource  |b cr  |2 rdacarrier 
490 0 |a H.doc.16 
500 |a Record is based on bibliographic data in ProQuest U.S. Serial Set Digital Collection (last viewed Jan. 2010). Reuse except for individual research requires license from ProQuest, LLC. 
510 3 |a ProQuest U.S. Serial Set Digital Collection 
500 |a Electronic resource. 
610 1 0 |a United States.  |b Bureau of the Mint. 
650 0 |a Foreign exchange. 
650 0 |a Silver. 
655 7 |a Electronic books.  |2 local 
710 2 |a ProQuest (Firm) 
830 0 |a United States congressional serial set. 
856 4 0 |u http://proxy.library.tamu.edu/login?url=http://congressional.proquest.com/congcomp/getdoc?SERIAL-SET-ID=32+H.doc.16  |z Connect to the full text of this electronic book  |t 0 
999 |a MARS 
999 f f |s ff19e013-be9b-33d9-a862-a929e163fb0e  |i e59999dc-92e9-3cc3-b56d-c0617782dc25  |t 0 
952 f f |a Texas A&M University  |b College Station  |c Electronic Resources  |d Available Online  |t 0  |e ProQuest Serial Set Number 32 H.doc.16  |h Other scheme 
998 f f |a ProQuest Serial Set Number 32 H.doc.16  |t 0  |l Available Online